000 00583cam a2200157 4500500
005 20260322001253.0
041 _afre
042 _adc
100 1 0 _aHonneth, Axel
_eauthor
700 1 0 _aLaignel-Lavastine, Alexandra
_eauthor
245 0 0 _aAxel Honneth: “Sans la reconnaissance, l’individu ne peut se penser en sujet de sa propre vie ”
260 _c2006.
500 _a47
786 0 _nPhilosophie magazine | 5 | 12 | 2006-12-01 | p. 16-17 | 1951-1787
856 4 1 _uhttps://shs.cairn.info/magazine-philosophie-magazine-2006-12-page-16?lang=fr&redirect-ssocas=7080
999 _c1713417
_d1713417